[Event "TUR-ch U13/18"]
[Site "Antalya"]
[Date "2023.01.28"]
[Round "10"]
[White "Ergin, Sahin"]
[Black "Ince, Taylan Ruzgar"]
[Result "1/2-1/2"]
[WhiteElo "1878"]
[BlackElo "2267"]
[PlyCount "40"]
[EventDate "2023.01.17"]
[EventType "swiss"]
[EventRounds "10"]
[EventCountry "TUR"]
[SourceTitle "EXT 2024"]
[Source "ChessBase"]
[SourceDate "2023.10.10"]
[SourceVersion "1"]
[SourceVersionDate "2023.10.10"]
[SourceQuality "1"]

1. d4 Nf6 2. Nf3 g6 3. Bg5 Bg7 4. Nbd2 d5 5. e3 0-0 6. Be2 c5 7. c3 cxd4 8. cxd4 Qb6 9. Qb3 Qxb3 10. Nxb3 Nc6 11. 0-0 Ne4 12. Bf4 Bd7 13. Rac1 Rfc8 14. a3 Nd8 15. Rxc8 Rxc8 16. Rc1 Rxc1+ 17. Nxc1 f6 18. Bc7 Nc6 19. Nb3 b6 20. Bb5 Kf7 1/2-1/2

[Event "TUR-ch U13/18"]
[Site "Antalya"]
[Date "2023.01.24"]
[Round "4"]
[White "Yilmaz, Kerem Tuna"]
[Black "Ergin, Sahin"]
[Result "1/2-1/2"]
[WhiteElo "1706"]
[BlackElo "1878"]
[PlyCount "109"]
[EventDate "2023.01.17"]
[EventType "swiss"]
[EventRounds "10"]
[EventCountry "TUR"]
[SourceTitle "EXT 2024"]
[Source "ChessBase"]
[SourceDate "2023.10.10"]
[SourceVersion "1"]
[SourceVersionDate "2023.10.10"]
[SourceQuality "1"]

1. e4 c5 2. Nf3 d6 3. d4 cxd4 4. Nxd4 Nf6 5. Nc3 a6 6. Be2 e5 7. Nb3 h6 8. 0-0 Be7 9. Be3 0-0 10. f4 b5 11. a3 Qc7 12. Qe1 Bb7 13. Bf3 Nbd7 14. Rd1 Rfe8 15. f5 Nc5 16. Nxc5 dxc5 17. Qg3 Kh8 18. Rfe1 Rad8 19. Bc1 Rd4 20. Be3 Rxd1 21. Rxd1 b4 22. Nd5 Bxd5 23. exd5 Bd6 24. Qh4 e4 25. Be2 Be5 26. d6 Bxd6 27. Bxh6 Be5 28. Be3+ Kg8 29. g4 Rd8 30. Rxd8+ Qxd8 31. Bxc5 Bd4+ 32. Bxd4 Qxd4+ 33. Kf1 bxa3 34. bxa3 Qa1+ 35. Kg2 Qxa3 36. g5 Qe3 37. Kf1 Qc1+ 38. Kf2 e3+ 39. Kf3 Nd5 40. Qc4 Qh1+ 41. Kg3 Qe1+ 42. Kg4 Qf2 43. Qc8+ Kh7 44. g6+ fxg6 45. fxg6+ Kxg6 46. Bd3+ Kf6 47. Qf8+ Ke5 48. Qe8+ Kd6 49. Qd8+ Ke5 50. Qe8+ Kd4 51. Qa4+ Kc5 52. Qa5+ Kd4 53. Qa4+ Ke5 54. Qe8+ Kd6 55. Qd8+ 1/2-1/2

[Event "TUR-ch U13/18"]
[Site "Antalya"]
[Date "2023.01.22"]
[Round "1"]
[White "Ergin, Sahin"]
[Black "Akhan, Muhammed Taha"]
[Result "1-0"]
[WhiteElo "1878"]
[BlackElo "1213"]
[PlyCount "64"]
[EventDate "2023.01.17"]
[EventType "swiss"]
[EventRounds "10"]
[EventCountry "TUR"]
[SourceTitle "EXT 2024"]
[Source "ChessBase"]
[SourceDate "2023.10.10"]
[SourceVersion "1"]
[SourceVersionDate "2023.10.10"]
[SourceQuality "1"]

1. d4 d6 2. Nf3 Nf6 3. Bg5 Nbd7 4. Nbd2 e5 5. dxe5 dxe5 6. e4 Be7 7. Bc4 h6 8. Bh4 0-0 9. 0-0 c6 10. a4 Qc7 11. c3 Nc5 12. Qc2 Bg4 13. Rfe1 Rac8 14. h3 Bh5 15. Bg3 Ncd7 16. Nd4 Rfd8 17. Bh2 Bg6 18. Nf5 Bf8 19. Nf3 a6 20. N3h4 Bh7 21. Bxf7+ Kh8 22. Ng6+ Bxg6 23. Bxg6 c5 24. Ne3 c4 25. Bf5 a5 26. Rad1 Rb8 27. Rd2 Bc5 28. Nd5 Bd6 29. Bxd7 Rxd7 30. Rdd1 Rbd8 31. Qd2 Qb6 32. Bxe5 Bxe5 1-0

[Event "Kesan op 16th"]
[Site "Kesan"]
[Date "2018.08.17"]
[Round "9"]
[White "Aliakbarov, Anar Samir Oglu"]
[Black "Ergin, Sahin"]
[Result "1/2-1/2"]
[WhiteElo "2376"]
[BlackElo "1794"]
[PlyCount "143"]
[EventDate "2018.08.12"]
[EventType "swiss"]
[EventRounds "9"]
[EventCountry "TUR"]
[SourceTitle "CBM 186 Extra"]
[Source "ChessBase"]
[SourceDate "2018.08.24"]
[SourceVersion "1"]
[SourceVersionDate "2018.08.24"]
[SourceQuality "1"]

1. d4 d5 2. c4 dxc4 3. Nf3 Nf6 4. e3 e6 5. Bxc4 c5 6. 0-0 a6 7. Nc3 b5 8. Be2 Bb7 9. a4 b4 10. Nb1 Nc6 11. dxc5 Qxd1 12. Rxd1 Bxc5 13. Nbd2 Rd8 14. Nb3 Rxd1+ 15. Bxd1 Be7 16. Nfd2 0-0 17. Bf3 Rb8 18. Nc4 Nd8 19. Bd2 Bxf3 20. gxf3 Rc8 21. Rc1 Nb7 22. Ne5 Rxc1+ 23. Nxc1 Nd5 24. Nc6 Bf8 25. e4 Nb6 26. b3 a5 27. Bf4 Na8 28. Nd3 f6 29. Nb2 e5 30. Be3 Bd6 31. Nc4 Bc7 32. Ba7 Kf7 33. Bb8 Bxb8 34. Nxb8 Ke6 35. Nc6 Kd7 36. N4xa5 Nxa5 37. Nxa5 Nc7 38. Nc4 Ne6 39. Nb2 Nd4 40. Kg2 Nxb3 41. Nd3 Kc6 42. Nxb4+ Kb6 43. Nd5+ Ka5 44. Nc7 Nc5 45. Ne8 Ne6 46. Kg3 Kxa4 47. f4 exf4+ 48. Kg4 Kb5 49. Kf5 Nd4+ 50. Kxf4 Ne6+ 51. Kf5 Nd4+ 52. Kg4 Ne6 53. Nxf6 gxf6 54. Kf5 Nd4+ 55. Kxf6 Kc6 56. f4 Kd7 57. h4 h5 58. Kg6 Ne6 59. f5 Nc5 60. e5 Ke7 61. Kg7 Nd7 62. e6 Nf6 63. Kg6 Nd5 64. Kg5 Nf6 65. Kh6 Nd5 66. Kxh5 Kf6 67. Kh6 Kxf5 68. Kg7 Kxe6 69. h5 Nf6 70. h6 Kf5 71. h7 Nxh7 72. Kxh7 1/2-1/2

[Event "Kesan op 16th"]
[Site "Kesan"]
[Date "2018.08.13"]
[Round "3"]
[White "Ergin, Sahin"]
[Black "Aydincelebi, Kagan"]
[Result "0-1"]
[WhiteElo "1794"]
[BlackElo "2138"]
[PlyCount "158"]
[EventDate "2018.08.12"]
[EventType "swiss"]
[EventRounds "9"]
[EventCountry "TUR"]
[SourceTitle "CBM 186 Extra"]
[Source "ChessBase"]
[SourceDate "2018.08.24"]
[SourceVersion "1"]
[SourceVersionDate "2018.08.24"]
[SourceQuality "1"]

1. d4 Nf6 2. Nf3 c5 3. e3 Qc7 4. b3 g6 5. Bb2 Bg7 6. c4 0-0 7. Be2 b6 8. Nc3 Bb7 9. 0-0 d6 10. d5 a6 11. a4 e5 12. e4 Qe7 13. a5 Nbd7 14. Nd2 Bh6 15. Re1 Ne8 16. Nf1 f5 17. Bc1 Bxc1 18. Qxc1 f4 19. Bg4 Ndf6 20. Be6+ Kh8 21. Na4 bxa5 22. Qc3 Ng7 23. Bh3 g5 24. g3 g4 25. Bg2 f3 26. Bh1 Qc7 27. Nb2 Rfb8 28. Qxa5 Qf7 29. Nd2 h5 30. Na4 Bc8 31. Nb6 Ra7 32. Nxc8 Rxc8 33. Qb6 Qc7 34. Qxc7 Rcxc7 35. Ra3 Nd7 36. Rea1 Nb8 37. Ra5 Rab7 38. Kf1 Ne8 39. Ke1 Nf6 40. R1a3 h4 41. Kf1 hxg3 42. fxg3 Rh7 43. Kg1 Rh3 44. Nxf3 gxf3 45. Bxf3 Rhh7 46. Kg2 Rb6 47. Bd1 Rf7 48. Bf3 Rfb7 49. g4 Rxb3 50. Rxb3 Rxb3 51. g5 Nfd7 52. Ra2 Nf8 53. Bh5 Kg7 54. Rf2 Ng6 55. Bxg6 Kxg6 56. Rf6+ Kxg5 57. Rxd6 a5 58. Re6 Kf4 59. h4 a4 60. h5 a3 61. h6 a2 62. Rf6+ Kxe4 63. h7 Rb2+ 64. Rf2 Rxf2+ 65. Kxf2 a1Q 66. h8Q Qd4+ 67. Kg2 Qd2+ 68. Kg1 Qe3+ 69. Kg2 Qg5+ 70. Kf2 Qf4+ 71. Kg2 Qf3+ 72. Kg1 Nd7 73. Qh7+ Qf5 74. Qh4+ Kd3 75. d6 e4 76. Qe1 Qg4+ 77. Kh1 Qh3+ 78. Kg1 Qe3+ 79. Qxe3+ Kxe3 0-1